000
00301nam a2200121Ia 4500
008
190216s9999||||xx |||||||||||||| ||und||
100
_a
"Engel Thomas,Reid Philip"
245
0
_a
Story Time
260
_b
University Of Calicut
_c
1994
300
_a
n88p
650
_a
English Short Stories
942
_c
BK
999
_c
13822
_d
13822